EASY POINTS - Statistics

General Stats
  • This quiz has been taken 11 times
  • The average score is 5 of 5
Answer Stats
Hint Answer % Correct
what animal moos? cow
100%
what animal neighs? horse
100%
what animal oinks? pig
100%
what animal barks? dog
89%
what animal meows? cat
78%
No matching quizzes found
Score Distribution
Percent of People with Each Score
Percentile by Number Answered
Your Score History
You have not taken this quiz